000 00611nam a22002052 4500
001 0000004850
005 20151217151942.0
008 070530s xx 000 0 eng d
020 _a8681199018 :
040 _aKABU
_cKABU
050 0 _aQR100
_b.P47
245 1 0 _aPerspectives in microbial ecology /
_ced. by F. Megusar and M. Gantar.
260 _aLjubljana :
_bStevene Society for microbiology,
_c1986.
300 _axiii, 684 p.
650 0 _aMicrobial ecology.
_@0000155723
700 1 _aMegusar.
_@0000155724
908 _a070530
950 _@1
999 _c6683
_d6683